000 01696nam a2200229Ia 4500
008 260220t1933||||xx |||||||||||||| ||spa||
040 _aPY-SlUNAC
_bspa
_erda
041 _aspa
082 _a581
_bB639bsa
245 0 _aBoletín de la sociedad Argentina de Botánica
264 _aCórdoba :
_bSAB,
_c℗1933.
300 _a1 volumen
520 _aEl "Boletín de la Sociedad Argentina de Botánica", publicado en 1933, es una compilación de investigaciones y hallazgos significativos en el ámbito de la botánica en Argentina. Este boletín ofrece aportes de diversos autores que abordan temas como la flora nativa, la taxonomía de especies, los ecosistemas locales y sus características. Además, proporciona información sobre la conservación de especies y sus hábitats, reflejando la preocupación por la biodiversidad en el contexto argentino. Se presenta como un recurso valioso para investigadores, estudiantes y profesionales interesados en la botánica y la ecología, promoviendo el intercambio de conocimientos y la colaboración entre científicos. A través de sus artículos, el boletín contribuye al desarrollo de la investigación botánica en el país y resalta la importancia de la flora argentina en el ámbito científico internacional. Este documento no solo es un registro histórico de la investigación botánica de la época, sino también una fuente de referencia para futuros estudios en el campo.
651 _aArgentina
653 _aBotánica
653 _aSociedades científicas
942 _b2026/02/17
_cBK
999 _c8234
_d8234